Circuit Rétro Mario kart - Statistiques

Statistiques générales
  • Ce quiz a été pris 77 fois
  • Le résultat moyen est 5 sur 21
Answers on the Grid
Answers color-coded by a green-red scale on the quiz's grid according to % correct below.
Gallion de Wario
Désert de Yoshi
Montagne Choco
Circuit Mario 4
Pic Wuhu
Mont éboulis
DS Château de Bowser
SNES Route Arc-en-Ciel
Autoroute Toad
Spatioport DK
Monde glacé d'Harmonie
Usine Toad
Piste Musicale
Arène Wario
Parc Baby
Arène Excitebike
Cap Koopa
Circuit en 8
Désert du Soleil
Koopapolis
GCN Route Arc-en-ciel
Jardin Volant
Route Clair de Lune
Autodrome Luigi
Vallée Yoshi
Cité Sorbet
Lac Vanille 2
Pays Crépuscule
Cascades Maskass
Quartier Delphino
Stade Peach
Jetée Cassée
 
Statistiques - réponses
Réponse % Correct
Koopapolis
32%
Cap Koopa
30%
Parc Baby
30%
Autoroute Toad
27%
Piste Musicale
27%
Vallée Yoshi
27%
Cité Sorbet
25%
Montagne Choco
25%
Mont éboulis
25%
Pays Crépuscule
25%
SNES Route Arc-en-Ciel
25%
Autodrome Luigi
23%
Désert du Soleil
23%
Jardin Volant
23%
Quartier Delphino
23%
Monde glacé d'Harmonie
20%
Route Clair de Lune
20%
Usine Toad
20%
Gallion de Wario
16%
Lac Vanille 2
11%
Circuit Mario 4
9%
Aucun quiz correspondant
Distribution des résultats
% des personnes avec chaque résultat
Percentile par nombre de réponses
Votre historique - résultats
Vous n’avez pas pris ce quiz